Statistiques concernant Ligue des champions de Water-Polo

Cliquez ici pour prendre le quiz!

Statistiques générales

  • Ce quiz a été pris 6 fois
  • Le résultat moyen est 5 sur 25

Statistiques - réponses

ClubNombre de titresPays% Correct
Mladost Zagreb7Croatie
67%
Pro Recco11Italie
67%
Atlètic Barceloneta1Espagne
50%
Jadran Split2Croatie
50%
Étoile Rouge de Belgrade1Serbie
33%
Ferencváros TC1Hongrie
33%
Jug Dubrovnik4Croatie
33%
Partizan Belgrade7Serbie
33%
Szolnok SC1Hongrie
33%
Wasserfreunde Spandau 044Allemagne
33%
CN Catalunya1Espagne
17%
Olympiakós2Grèce
17%
Újpest TE1Hongrie
17%
Vasas SC2Hongrie
17%
Budapest Honvéd1Hongrie
0%
Circolo Canottieri Napoli1Italie
0%
CN Barcelone1Espagne
0%
CN Possillipo3Italie
0%
CSK VMF Moscou1URSS
0%
MGU Moscou1URSS
0%
Orvosegyetem Sport Club2Hongrie
0%
Pescara Pallanuoto1Italie
0%
POŠK Split1Croatie
0%
Primorac Kotor1Monténégro
0%
VK Bečej1Yougoslavie
0%

Distribution des résultats

Percentile par nombre de réponses

% des personnes avec chaque résultat

Votre développement - résultats

Vous n’avez pas pris ce quiz